000 00351nam a2200133 i 4500
001 bg
100 1 _aKOWALEWSKA, Zofia
245 0 _aWstęp do analizy matematycznej w zadaniach zaprogramowanych /
_cZofia Kowalewska.
260 _aCzęstochowa,
_c1975.
040 _cBPK
041 _apol
942 _cKS
008 s pl f |000 0 pol
999 _c26888
_d26888
856 _uhttp://koha.tu.koszalin.pl/cgi-bin/koha/opac-detail.pl?biblionumber=26888
_yKatalog online BPK